000
00317nam a22001337a 4500
008
171227b xxu||||| |||| 00| 0 eng d
020
_a
978160930113
041
_a
eng
080
_2
12TH
_a
34
100
_a
14
101
_a
JUR
245
_a
SECURITIES REGULATION CASES AND MATERIALS
_c
COFFEE,J.C
942
_2
udc
_c
BK
999
_c
39434
_d
39434